Krachujúci štátny majetok v Mikuláši sa po privatizácii stal ziskovou spoločnosťou
Agrocontract Ltd., s.r.o., Mikuláš - situácia pred privatizáciou a po nej. Krachujúci štátny majetok sa po privatizácii stáva ziskovou spoločnosťou. Projekt obnovy chovu dojníc. Odbúranie zbytočných nákladov v rastlinnej výrobe. Modernizácia strojového parku.
Salvato in:
| Autore principale: | |
|---|---|
| Natura: | Capitolo di libro |
| Lingua: | slovacco |
| Soggetti: | |
| Tags: |
Nessun Tag, puoi essere il primo ad aggiungerne!!
|
MARC
| LEADER | 00000naa a2200000 4500 | ||
|---|---|---|---|
| 001 | r027763 | ||
| 005 | 20230921080956.2 | ||
| 041 | 0 | |a slo | |
| 044 | |a SK | ||
| 245 | 1 | 0 | |a Krachujúci štátny majetok v Mikuláši sa po privatizácii stal ziskovou spoločnosťou |c M. Štrbák |
| 520 | |a Agrocontract Ltd., s.r.o., Mikuláš - situácia pred privatizáciou a po nej. Krachujúci štátny majetok sa po privatizácii stáva ziskovou spoločnosťou. Projekt obnovy chovu dojníc. Odbúranie zbytočných nákladov v rastlinnej výrobe. Modernizácia strojového parku. | ||
| 610 | 2 | 0 | |a majetky štátne |
| 610 | 2 | 0 | |a privatizácia |
| 610 | 2 | 0 | |a chov zvierat |
| 610 | 2 | 0 | |a výroba rastlinná |
| 610 | 2 | 0 | |a náklady |
| 610 | 2 | 0 | |a znižovanie nákladov |
| 610 | 2 | 0 | |a park strojový |
| 610 | 2 | 0 | |a modernizácia |
| 610 | 2 | 0 | |a zisk |
| 610 | 2 | 0 | |a Agrocontract Ltd., s.r.o. Mikuláš |
| 100 | 1 | |a Štrbák, M. | |